[Event "Muensterland Verbandsliga Gr1 2223"]
[Site "Germany"]
[Date "2022.09.10"]
[Round "1.2"]
[White "Hauk, Viktor"]
[Black "Luecke, Thomas"]
[Result "1/2-1/2"]
[WhiteElo "1885"]
[BlackElo "1872"]
[PlyCount "46"]
[EventDate "2022.09.10"]
[EventType "team-tourn"]
[EventRounds "5"]
[EventCountry "GER"]
[SourceTitle "EXT 2024"]
[Source "ChessBase"]
[SourceDate "2023.10.10"]
[SourceVersion "1"]
[SourceVersionDate "2023.10.10"]
[SourceQuality "1"]
[WhiteTeam "Rheine Klein Berlin II"]
[BlackTeam "Emsdetten Rochade II"]
[WhiteTeamCountry "GER"]
[BlackTeamCountry "GER"]

1. d4 d5 2. c4 c6 3. Nc3 Nf6 4. Nf3 e6 5. e3 Nbd7 6. Qc2 Bd6 7. Be2 0-0 8. 0-0 dxc4 9. Bxc4 b5 10. Bd3 Bb7 11. e4 e5 12. d5 a6 13. Rd1 cxd5 14. Nxd5 Rc8 15. Nxf6+ Nxf6 16. Qe2 Ra8 17. Bg5 h6 18. Bh4 Qe7 19. Ne1 Bc5 20. Nc2 Qe6 21. Bxf6 Qxf6 22. Ne3 Bxe3 23. Qxe3 Rfd8 1/2-1/2

[Event "Muensterland Verbandsklasse 1819"]
[Site "Germany"]
[Date "2019.01.19"]
[Round "5.2"]
[White "Hauk, Viktor"]
[Black "Gerighausen, Karl Heinz"]
[Result "1-0"]
[WhiteElo "1862"]
[BlackElo "1696"]
[PlyCount "62"]
[EventDate "2018.09.15"]
[EventType "team-tourn"]
[EventRounds "9"]
[EventCountry "GER"]
[SourceTitle "EXT 2020"]
[Source "ChessBase"]
[SourceDate "2019.10.17"]
[SourceVersion "1"]
[SourceVersionDate "2019.10.17"]
[SourceQuality "1"]
[WhiteTeam "Rheine Klein Berlin II"]
[BlackTeam "Emsdetten Rochade III"]
[WhiteTeamCountry "GER"]
[BlackTeamCountry "GER"]

1. d4 Nf6 2. c4 e6 3. Nf3 Bb4+ 4. Nbd2 d5 5. e3 0-0 6. a3 Bxd2+ 7. Qxd2 Ne4 8. Qc2 c6 9. Bd3 f5 10. 0-0 Nd7 11. b4 b6 12. cxd5 cxd5 13. Qc6 Ndc5 14. bxc5 Bd7 15. Qb7 bxc5 16. Ne5 Be8 17. Qa6 c4 18. Bxe4 fxe4 19. Qxe6+ Bf7 20. Qg4 Qd6 21. a4 Qa6 22. Qd7 Be6 23. Qc6 Qc8 24. Ba3 Re8 25. Qc5 Qd8 26. Rfb1 Qg5 27. Kh1 Rf8 28. Qc6 Bh3 29. Qxd5+ Rf7 30. Qxa8+ Rf8 31. Qd5+ Kh8 1-0

[Event "Muensterland Verbandsklasse 1819"]
[Site "Germany"]
[Date "2018.11.17"]
[Round "3.2"]
[White "Hauk, Viktor"]
[Black "Junk, Phillip"]
[Result "1/2-1/2"]
[WhiteElo "1862"]
[BlackElo "1987"]
[PlyCount "51"]
[EventDate "2018.09.15"]
[EventType "team-tourn"]
[EventRounds "9"]
[EventCountry "GER"]
[SourceTitle "EXT 2020"]
[Source "ChessBase"]
[SourceDate "2019.10.17"]
[SourceVersion "1"]
[SourceVersionDate "2019.10.17"]
[SourceQuality "1"]
[WhiteTeam "Rheine Klein Berlin II"]
[BlackTeam "Hiltrup"]
[WhiteTeamCountry "GER"]
[BlackTeamCountry "GER"]

1. d4 d5 2. c4 e6 3. Nc3 c5 4. e3 cxd4 5. exd4 dxc4 6. Bxc4 Nf6 7. Nf3 Be7 8. 0-0 Nbd7 9. d5 exd5 10. Nxd5 Nxd5 11. Qxd5 0-0 12. Rd1 Qc7 13. Bb3 Nc5 14. Nd4 Nxb3 15. Qxb3 Bf6 16. Be3 Qa5 17. h3 b6 18. Nc6 Qf5 19. Bd4 Bb7 20. Bxf6 Qxf6 21. Nd4 Rfd8 22. Ne2 Qg6 23. Ng3 Qc6 24. f3 Rxd1+ 25. Rxd1 Qc7 26. Qd3 1/2-1/2

[Event "Muensterland Verbandsklasse 1819"]
[Site "Germany"]
[Date "2018.09.15"]
[Round "1.1"]
[White "Kloenne, Tim"]
[Black "Hauk, Viktor"]
[Result "1/2-1/2"]
[WhiteElo "1796"]
[BlackElo "1862"]
[PlyCount "28"]
[EventDate "2018.09.15"]
[EventType "team-tourn"]
[EventRounds "9"]
[EventCountry "GER"]
[SourceTitle "EXT 2020"]
[Source "ChessBase"]
[SourceDate "2019.10.17"]
[SourceVersion "1"]
[SourceVersionDate "2019.10.17"]
[SourceQuality "1"]
[WhiteTeam "Gronau II"]
[BlackTeam "Rheine Klein Berlin II"]
[WhiteTeamCountry "GER"]
[BlackTeamCountry "GER"]

1. c4 e5 2. Nc3 g6 3. g3 Bg7 4. Bg2 d6 5. e3 Nc6 6. Nge2 Bg4 7. d3 Nge7 8. a3 Qd7 9. h3 Be6 10. Nd5 0-0 11. Nec3 a6 12. Nxe7+ Qxe7 13. 0-0 Qd7 14. Kh2 Ne7 1/2-1/2

[Event "Muensterland Verbandsklasse 1718"]
[Site "Germany"]
[Date "2018.02.17"]
[Round "6.2"]
[White "Hauk, Viktor"]
[Black "Broemmel, Chris"]
[Result "1-0"]
[WhiteElo "1807"]
[BlackElo "1775"]
[PlyCount "79"]
[EventDate "2017.09.16"]
[EventType "team-tourn"]
[EventRounds "9"]
[EventCountry "GER"]
[SourceTitle "EXT 2019"]
[Source "ChessBase"]
[SourceDate "2018.10.10"]
[SourceVersion "1"]
[SourceVersionDate "2018.10.10"]
[SourceQuality "1"]
[WhiteTeam "Rheine Klein Berlin II"]
[BlackTeam "Raesfeld Erle II"]
[WhiteTeamCountry "GER"]
[BlackTeamCountry "GER"]

1. d4 Nf6 2. c4 d5 3. Nf3 Bf5 4. Nc3 c6 5. cxd5 cxd5 6. Qb3 b6 7. Bg5 e6 8. e3 Bd6 9. Nb5 0-0 10. Nxd6 Qxd6 11. Bf4 Qe7 12. Rc1 Nbd7 13. Ba6 Nh5 14. Bg5 f6 15. Bh4 Be4 16. 0-0 Bxf3 17. gxf3 g5 18. Bg3 f5 19. Qa3 Qg7 20. Bd6 Rf7 21. Kh1 Qf6 22. Rc7 g4 23. Rg1 Qh4 24. e4 dxe4 25. fxg4 fxg4 26. Bc4 Ng7 27. Bg3 Qf6 28. d5 Ne5 29. Rxf7 Kxf7 30. Bxe5 Qxe5 31. dxe6+ Nxe6 32. Rxg4 Qf5 33. Bxe6+ Qxe6 34. Rf4+ Kg7 35. Qc3+ Kg8 36. h3 Rc8 37. Qg3+ Kh8 38. Rg4 Qd5 39. Kh2 Rf8 40. Qc3+ 1-0

[Event "Muensterland Verbandsklasse 1718"]
[Site "Germany"]
[Date "2017.11.25"]
[Round "3.2"]
[White "Fayazi, Shahriar"]
[Black "Hauk, Viktor"]
[Result "1/2-1/2"]
[WhiteElo "1964"]
[BlackElo "1807"]
[PlyCount "42"]
[EventDate "2017.09.16"]
[EventType "team-tourn"]
[EventRounds "9"]
[EventCountry "GER"]
[SourceTitle "EXT 2019"]
[Source "ChessBase"]
[SourceDate "2018.10.10"]
[SourceVersion "1"]
[SourceVersionDate "2018.10.10"]
[SourceQuality "1"]
[WhiteTeam "Saerbeck"]
[BlackTeam "Rheine Klein Berlin II"]
[WhiteTeamCountry "GER"]
[BlackTeamCountry "GER"]

1. c4 e5 2. g3 Nf6 3. Bg2 Nc6 4. Nc3 Bb4 5. Nd5 Bc5 6. e3 0-0 7. Ne2 Nxd5 8. cxd5 Ne7 9. 0-0 d6 10. d4 Bb6 11. h3 Nf5 12. dxe5 dxe5 13. b4 Bd7 14. a4 a6 15. Qb3 Re8 16. Nc3 Nd6 17. Kh2 Qf6 18. Ne4 Nxe4 19. Bxe4 c6 20. Bb2 cxd5 21. Bxd5 Bc6 1/2-1/2

[Event "Muensterland Regionalliga 1718"]
[Site "Germany"]
[Date "2017.09.02"]
[Round "1.8"]
[White "Robeling, Stephan"]
[Black "Hauk, Viktor"]
[Result "0-1"]
[WhiteElo "1778"]
[BlackElo "1851"]
[PlyCount "74"]
[EventDate "2017.09.02"]
[EventType "team-tourn"]
[EventRounds "9"]
[EventCountry "GER"]
[SourceTitle "EXT 2019"]
[Source "ChessBase"]
[SourceDate "2018.10.10"]
[SourceVersion "1"]
[SourceVersionDate "2018.10.10"]
[SourceQuality "1"]
[WhiteTeam "Bocholt"]
[BlackTeam "Rheine Klein Berlin"]
[WhiteTeamCountry "GER"]
[BlackTeamCountry "GER"]

1. d4 Nf6 2. Nf3 d5 3. c4 c6 4. e3 Bf5 5. Nc3 e6 6. Bd3 Bxd3 7. Qxd3 Be7 8. Ne5 0-0 9. 0-0 Nbd7 10. f4 Qc7 11. Bd2 Rad8 12. c5 Nxe5 13. fxe5 Nd7 14. Ne2 Bg5 15. Rf3 f6 16. exf6 Nxf6 17. Be1 Ne4 18. Rxf8+ Rxf8 19. Nc3 Qf7 20. Nd1 Qf6 21. Rc1 e5 22. dxe5 Qxe5 23. Rc2 Qe7 24. b4 Qf6 25. Nf2 Qa1 26. Qd1 Qf6 27. Qd3 Qa1 28. Qd1 Qe5 29. Qd3 Nxf2 30. Bxf2 Qa1+ 31. Qf1 Qxf1+ 32. Kxf1 Bxe3 33. Ke1 Bxf2+ 34. Rxf2 Rxf2 35. Kxf2 Kf7 36. Ke3 Kf6 37. Kd4 Kf5 0-1

[Event "Muensterland Verbandsklasse 1617"]
[Site "Germany"]
[Date "2017.02.11"]
[Round "6.2"]
[White "Janz, Stefan"]
[Black "Hauk, Viktor"]
[Result "0-1"]
[WhiteElo "1796"]
[BlackElo "1797"]
[PlyCount "60"]
[EventDate "2016.09.24"]
[EventType "team"]
[EventRounds "9"]
[EventCountry "GER"]
[SourceTitle "EXT 2018"]
[Source "ChessBase"]
[SourceDate "2017.10.13"]
[SourceVersion "1"]
[SourceVersionDate "2017.10.13"]
[SourceQuality "1"]
[WhiteTeam "Sendenhorst"]
[BlackTeam "Rheine Klein Berlin II"]
[WhiteTeamCountry "GER"]
[BlackTeamCountry "GER"]

1. e4 c5 2. Nf3 d6 3. d4 cxd4 4. Nxd4 Nf6 5. Nc3 a6 6. a4 g6 7. Be2 Bg7 8. Be3 0-0 9. a5 Nbd7 10. Qd2 Nc5 11. f3 b5 12. axb6 Qxb6 13. 0-0 Qc7 14. b4 Ncd7 15. Ra3 Bb7 16. Na4 Rfc8 17. c3 d5 18. Nb3 dxe4 19. Nbc5 exf3 20. gxf3 Rd8 21. Qa2 Nd5 22. Bf2 Nf4 23. Bg3 Be5 24. Bc4 e6 25. Nxd7 Rxd7 26. Nc5 Bd5 27. Rxa6 Rxa6 28. Qxa6 Bxc4 29. Qxc4 Rd2 30. Re1 Nh3+ 0-1

[Event "Muensterland Verbandsklasse 1516"]
[Site "Germany"]
[Date "2015.11.28"]
[Round "3.3"]
[White "Iking, Bernhard"]
[Black "Hauk, Viktor"]
[Result "1/2-1/2"]
[WhiteElo "1775"]
[BlackElo "1768"]
[PlyCount "39"]
[EventDate "2015.09.19"]
[EventType "team"]
[EventRounds "9"]
[EventCountry "GER"]
[SourceTitle "EXT 2017"]
[Source "ChessBase"]
[SourceDate "2016.10.25"]
[SourceVersion "1"]
[SourceVersionDate "2016.10.25"]
[SourceQuality "1"]
[WhiteTeam "Gescher"]
[BlackTeam "Rheine Klein Berlin II"]
[WhiteTeamCountry "GER"]
[BlackTeamCountry "GER"]

1. d4 Nf6 2. c4 e6 3. Nf3 d5 4. Nc3 Nbd7 5. cxd5 exd5 6. e3 Bb4 7. Bd3 0-0 8. 0-0 Re8 9. Qb3 Bxc3 10. bxc3 Nb6 11. a4 a5 12. Ba3 Ne4 13. c4 dxc4 14. Bxc4 Nxc4 15. Qxc4 Be6 16. Qc2 Bf5 17. Qc4 c6 18. h3 Qf6 19. Qe2 Nc3 20. Qc4 1/2-1/2

[Event "Steinfurt Bezirksliga 1415"]
[Site "Germany"]
[Date "2015.05.09"]
[Round "9.5"]
[White "Stoffers, Elsbeth"]
[Black "Hauk, Viktor"]
[Result "1/2-1/2"]
[WhiteElo "1449"]
[BlackElo "1735"]
[PlyCount "33"]
[EventDate "2014.09.06"]
[EventType "team-tourn"]
[EventRounds "9"]
[EventCountry "GER"]
[SourceTitle "EXT 2016"]
[Source "ChessBase"]
[SourceDate "2015.10.08"]
[SourceVersion "1"]
[SourceVersionDate "2015.10.08"]
[SourceQuality "1"]
[WhiteTeam "Steinfurt III"]
[BlackTeam "Rheine Klein Berlin II"]
[WhiteTeamCountry "GER"]
[BlackTeamCountry "GER"]

1. d4 Nf6 2. c4 e6 3. Nf3 b6 4. Nc3 Bb7 5. e3 Be7 6. Be2 0-0 7. 0-0 d5 8. cxd5 exd5 9. Qc2 Nbd7 10. a3 c5 11. dxc5 bxc5 12. Rd1 Qc7 13. b3 Rac8 14. Bb2 Rfd8 15. Rac1 Qb6 16. Na4 Qd6 17. Qf5 1/2-1/2

[Event "Steinfurt Bezirksliga 1415"]
[Site "Germany"]
[Date "2015.03.14"]
[Round "7.5"]
[White "Ulunque Villazon, Stephen"]
[Black "Hauk, Viktor"]
[Result "0-1"]
[WhiteElo "1569"]
[BlackElo "1735"]
[PlyCount "62"]
[EventDate "2014.09.06"]
[EventType "team-tourn"]
[EventRounds "9"]
[EventCountry "GER"]
[SourceTitle "EXT 2016"]
[Source "ChessBase"]
[SourceDate "2015.10.08"]
[SourceVersion "1"]
[SourceVersionDate "2015.10.08"]
[SourceQuality "1"]
[WhiteTeam "Saerbeck II"]
[BlackTeam "Rheine Klein Berlin II"]
[WhiteTeamCountry "GER"]
[BlackTeamCountry "GER"]

1. e4 d5 2. exd5 Qxd5 3. Nc3 Qd6 4. d4 Nf6 5. Nf3 c6 6. Be2 Bf5 7. 0-0 e6 8. Be3 Be7 9. Nh4 Bg6 10. Nxg6 hxg6 11. g3 Qc7 12. Qd3 Nbd7 13. Ne4 Nxe4 14. Qxe4 Nf6 15. Qd3 Nd5 16. c4 Nxe3 17. fxe3 Rd8 18. Rad1 0-0 19. Qb3 Bf6 20. Rd3 Rd7 21. Rfd1 Rfd8 22. Bg4 Re7 23. d5 exd5 24. cxd5 cxd5 25. Rxd5 Rxd5 26. Qxd5 Rxe3 27. b3 Rc3 28. Qd7 Qc5+ 29. Kh1 Rc2 30. Qe8+ Kh7 31. Qe1 Qc6+ 0-1

[Event "Muensterland Regionalliga 1415"]
[Site "Germany"]
[Date "2014.11.22"]
[Round "3.8"]
[White "Kemper, Georg"]
[Black "Hauk, Viktor"]
[Result "0-1"]
[WhiteElo "1910"]
[BlackElo "1749"]
[PlyCount "120"]
[EventDate "2014.09.20"]
[EventType "team-tourn"]
[EventRounds "9"]
[EventCountry "GER"]
[SourceTitle "EXT 2016"]
[Source "ChessBase"]
[SourceDate "2015.10.08"]
[SourceVersion "1"]
[SourceVersionDate "2015.10.08"]
[SourceQuality "1"]
[WhiteTeam "Nienberge"]
[BlackTeam "Rheine Klein Berlin"]
[WhiteTeamCountry "GER"]
[BlackTeamCountry "GER"]

1. d4 Nf6 2. c4 e6 3. g3 d5 4. Bg2 Be7 5. Nf3 0-0 6. Nbd2 b6 7. cxd5 exd5 8. 0-0 Bb7 9. Ne5 c5 10. Ndf3 Nbd7 11. Bf4 Re8 12. Rc1 Nh5 13. Be3 c4 14. Qa4 Nb8 15. b3 f6 16. bxc4 fxe5 17. Nxe5 Nf6 18. Bg5 Ne4 19. Bxe7 Rxe7 20. cxd5 Bxd5 21. Qc2 Nf6 22. Bxd5+ Qxd5 23. e4 Qxe4 24. Qc4+ Kf8 25. Rfe1 Qb7 26. d5 Nbd7 27. Nc6 Rxe1+ 28. Rxe1 Re8 29. Rxe8+ Nxe8 30. Nd8 Qb8 31. Ne6+ Ke7 32. Nd4 Ne5 33. Qe2 Kd6 34. Nf5+ Kxd5 35. f4 Nc4 36. Qd3+ Kc5 37. Qd4+ Kb4 38. Ne3 Ned6 39. Nd5+ Kb5 40. a4+ Kxa4 41. Ne3 Qe8 42. Qd1+ Kb4 43. Nc2+ Kc3 44. Qc1 Qe4 45. Ne3+ Kd3 46. Ng4 Qd4+ 47. Nf2+ Ke2 48. Qf1+ Kd2 49. Qd1+ Kc3 50. Qa1+ Nb2 51. Qe1+ Kb3 52. Kg2 a5 53. Qe6+ Nbc4 54. Qe2 Qd2 55. Qf3+ Kb2 56. Kh3 a4 57. Ng4 a3 58. Ne5 a2 59. Nxc4+ Nxc4 60. Qf1 Qc3 0-1

[Event "Steinfurt Bezirksliga 1415"]
[Site "Germany"]
[Date "2014.09.27"]
[Round "2.4"]
[White "Hauk, Viktor"]
[Black "Potalujew, Sergej"]
[Result "1-0"]
[WhiteElo "1735"]
[BlackElo "1686"]
[PlyCount "33"]
[EventDate "2014.09.06"]
[EventType "team-tourn"]
[EventRounds "9"]
[EventCountry "GER"]
[SourceTitle "EXT 2016"]
[Source "ChessBase"]
[SourceDate "2015.10.08"]
[SourceVersion "1"]
[SourceVersionDate "2015.10.08"]
[SourceQuality "1"]
[WhiteTeam "Rheine Klein Berlin II"]
[BlackTeam "Ibbenbueren II"]
[WhiteTeamCountry "GER"]
[BlackTeamCountry "GER"]

1. d4 Nf6 2. c4 e6 3. Nc3 Bb4 4. Nf3 b6 5. Bg5 d5 6. Qa4+ Nc6 7. Ne5 Bxc3+ 8. bxc3 Bd7 9. Nxc6 Qc8 10. Bxf6 gxf6 11. cxd5 Qb7 12. Qb4 Bxc6 13. dxc6 Qxc6 14. e3 Qd6 15. Bb5+ Ke7 16. Ba6 Rad8 17. Rb1 1-0

[Event "Steinfurt Bezirksliga 1314"]
[Site "Germany"]
[Date "2014.04.26"]
[Round "8.5"]
[White "Hauk, Viktor"]
[Black "Langhorst, Tobias"]
[Result "1/2-1/2"]
[WhiteElo "1727"]
[BlackElo "1525"]
[PlyCount "41"]
[EventDate "2013.09.14"]
[EventType "team-tourn"]
[EventRounds "9"]
[EventCountry "GER"]
[SourceTitle "EXT 2015"]
[Source "ChessBase"]
[SourceDate "2014.11.20"]
[SourceVersion "1"]
[SourceVersionDate "2014.11.20"]
[SourceQuality "1"]
[WhiteTeam "Rheine Klein Berlin II"]
[BlackTeam "Emsdetten Turm III"]
[WhiteTeamCountry "GER"]
[BlackTeamCountry "GER"]

1. d4 d5 2. c4 e6 3. Nc3 Nf6 4. Nf3 c6 5. Bg5 dxc4 6. e4 b5 7. e5 h6 8. Bh4 g5 9. Nxg5 hxg5 10. Bxg5 Be7 11. exf6 Bxf6 12. Bxf6 Qxf6 13. g3 Qe7 14. Bg2 Bb7 15. Qf3 Na6 16. 0-0 0-0-0 17. a4 b4 18. Ne2 Rd5 19. Rac1 Rf5 20. Nf4 c3 21. bxc3 1/2-1/2

[Event "Muensterland Regionalliga 1314"]
[Site "Germany"]
[Date "2014.01.18"]
[Round "5.8"]
[White "Hauk, Viktor"]
[Black "Buss, Harald"]
[Result "0-1"]
[WhiteElo "1735"]
[BlackElo "1816"]
[PlyCount "52"]
[EventDate "2013.09.07"]
[EventType "team-tourn"]
[EventRounds "9"]
[EventCountry "GER"]
[SourceTitle "EXT 2015"]
[Source "ChessBase"]
[SourceDate "2014.11.20"]
[SourceVersion "1"]
[SourceVersionDate "2014.11.20"]
[SourceQuality "1"]
[WhiteTeam "Rheine Klein Berlin"]
[BlackTeam "Nienberge"]
[WhiteTeamCountry "GER"]
[BlackTeamCountry "GER"]

1. d4 e6 2. c4 Nf6 3. Nc3 Bb4 4. Qc2 c5 5. dxc5 Nc6 6. Nf3 Bxc5 7. e3 0-0 8. a3 Re8 9. b4 Bf8 10. Bb2 b6 11. Bd3 Bb7 12. Ne4 Nxe4 13. Bxe4 f5 14. Bd3 Rc8 15. Qe2 d6 16. 0-0 Be7 17. Rfd1 Bf6 18. Rab1 Bxb2 19. Rxb2 Qf6 20. Bb1 Ne5 21. Nxe5 Qxe5 22. Rbd2 d5 23. Ba2 dxc4 24. Bxc4 Qe4 25. Qf3 Qxf3 26. gxf3 Rxc4 0-1

[Event "Muensterland Verbandsklasse-B 1213"]
[Site "Germany"]
[Date "2013.04.20"]
[Round "8.4"]
[White "Teloeken, Daniel"]
[Black "Hauk, Viktor"]
[Result "1/2-1/2"]
[WhiteElo "1682"]
[BlackElo "1742"]
[PlyCount "65"]
[EventDate "2012.09.15"]
[EventType "team-tourn"]
[EventRounds "9"]
[EventCountry "GER"]
[SourceTitle "EXT 2015"]
[Source "ChessBase"]
[SourceDate "2014.11.20"]
[SourceVersion "1"]
[SourceVersionDate "2014.11.20"]
[SourceQuality "1"]
[WhiteTeam "Suedlohn II"]
[BlackTeam "Rheine Klein Berlin II"]
[WhiteTeamCountry "GER"]
[BlackTeamCountry "GER"]

1. c4 Nf6 2. Nc3 c5 3. g3 e6 4. Nf3 Be7 5. Bg2 0-0 6. 0-0 d5 7. cxd5 exd5 8. d4 Nc6 9. dxc5 Bxc5 10. Bg5 h6 11. Bxf6 Qxf6 12. Qxd5 Bb4 13. Qb3 Be6 14. Qc2 Rac8 15. Rfd1 Rfe8 16. Rab1 Bxc3 17. Qxc3 Qxc3 18. bxc3 Na5 19. Nd4 Rxc3 20. Nxe6 Rxe6 21. e3 Re7 22. Rd8+ Kh7 23. Rbd1 g6 24. Bf3 Kg7 25. R8d7 Rc7 26. Rxe7 Rxe7 27. Rc1 b6 28. Kg2 Nb7 29. Bxb7 Rxb7 30. Kf3 Rd7 31. Ke2 Kf6 32. Rc2 Ke6 33. Rc6+ 1/2-1/2

[Event "Muensterland Verbandsklasse-B 1213"]
[Site "Germany"]
[Date "2012.10.20"]
[Round "2.3"]
[White "Lanfer, Stefanie"]
[Black "Hauk, Viktor"]
[Result "1-0"]
[WhiteElo "1745"]
[BlackElo "1742"]
[PlyCount "69"]
[EventDate "2012.09.15"]
[EventType "team-tourn"]
[EventRounds "9"]
[EventCountry "GER"]
[SourceTitle "EXT 2015"]
[Source "ChessBase"]
[SourceDate "2014.11.20"]
[SourceVersion "1"]
[SourceVersionDate "2014.11.20"]
[SourceQuality "1"]
[WhiteTeam "Gescher"]
[BlackTeam "Rheine Klein Berlin II"]
[WhiteTeamCountry "GER"]
[BlackTeamCountry "GER"]

1. e4 d5 2. exd5 Qxd5 3. Nc3 Qa5 4. d4 c6 5. Bd3 Nf6 6. Bd2 Bg4 7. f3 Bh5 8. Ne4 Qc7 9. Qe2 Nbd7 10. Nh3 Nxe4 11. Bxe4 Nf6 12. Nf4 Bg6 13. 0-0-0 0-0-0 14. Bxg6 hxg6 15. c3 e6 16. Nd3 Bd6 17. f4 Nd5 18. g3 Qa5 19. Kb1 Qb6 20. c4 Qxd4 21. cxd5 Qxd5 22. Bc3 Qf5 23. Bxg7 Rh3 24. Be5 Bxe5 25. fxe5 g5 26. Ka1 Qh7 27. Nc5 Rd5 28. Rxd5 exd5 29. Qg4+ Kc7 30. Qd7+ Kb6 31. Qxb7+ Kxc5 32. Qxa7+ Kc4 33. Qa4+ Kd3 34. Rd1+ Ke2 35. Qg4+ 1-0